[Event "4NCL Division 4 South"]
[Site "Maidenhead, ENG"]
[Date "2020.01.12"]
[Round "4.209"]
[White "Cuthbert, Larissa"]
[Black "Woods, Timothy J"]
[Result "0-1"]
[WhiteElo "1013"]
[BlackElo "1675"]
[PlyCount "116"]
[EventDate "2020.01.12"]
[WhiteTeam "Wessex D"]
[BlackTeam "Sussex Martlets 3"]

1. e4 d6 2. d4 Nf6 3. Nc3 g6 4. Bf4 Bg7 5. Nf3 O-O 6. Qd2 c6 7. O-O-O b5 8. e5
b4 9. exf6 bxc3 10. Qxc3 Bxf6 11. h4 c5 12. Qe3 Qa5 13. Kb1 Nc6 14. c3 Rb8 15.
Rd2 cxd4 16. cxd4 Be6 17. b3 Nb4 18. Bg5 Nd5 19. Qe1 Nc3+ 20. Ka1 Rxb3 21. Rb2
Rxb2 22. Kxb2 Rc8 23. Qa1 Qb4+ 24. Kc2 Ne4+ 25. Kd3 Nxf2+ 26. Ke3 Nxh1 27. Bd3
Ng3 28. Bxf6 exf6 29. a3 Qc3 30. Qd1 Qc1+ 31. Qd2 Nf5+ 32. Kf4 Qxd2+ 33. Nxd2
Nxd4 34. Ne4 Kg7 35. Nxd6 Rc3 36. Ke4 Bf5+ 37. Kxd4 Rxd3+ 38. Kc5 Rxa3 39. Ne8+
Kh8 40. Nxf6 Rg3 41. Nd5 Rxg2 42. Ne3 Rh2 43. Kb5 Rxh4 44. Kc5 h5 45. Kb5 Rd4
46. Kc5 Rd2 47. Kc4 h4 48. Nf1 Rd8 49. Kc3 h3 50. Nh2 a5 51. Kb3 Rd2 52. Nf1
Rf2 53. Ka4 Rxf1 54. Kb5 Rc1 55. Kxa5 Rb1 56. Ka4 h2 57. Ka5 h1=Q 58. Ka4 Qa8#
0-1

[Event "4NCL Division 4 South"]
[Site "Maidenhead, ENG"]
[Date "2020.01.12"]
[Round "4.201"]
[White "Graham, William M"]
[Black "Pedersen, Carsten"]
[Result "0-1"]
[WhiteElo "1990"]
[BlackElo "2065"]
[PlyCount "68"]
[EventDate "2020.01.12"]
[WhiteTeam "Sussex Martlets 3"]
[BlackTeam "Celtic Tigers 2"]

1. c4 c5 2. Nc3 Nc6 3. g3 g6 4. Bg2 Bg7 5. e4 d6 6. Nge2 e6 7. O-O Nge7 8. d3
O-O 9. Be3 Nd4 10. Rb1 a5 11. Bxd4 cxd4 12. Nb5 Qb6 13. Qd2 d5 14. exd5 exd5
15. b4 dxc4 16. dxc4 Be6 17. Rfc1 Rfd8 18. Qd3 axb4 19. Rxb4 Nc6 20. Rbb1 Qc5
21. Nc7 Bf5 22. Qb3 Rac8 23. Nd5 Bxb1 24. Rxb1 Rb8 25. Nef4 Ne5 26. Nb6 d3 27.
Bd5 Qd4 28. Rd1 d2 29. Ne2 Qg4 30. Rxd2 Rxd5 31. Rxd5 Qxe2 32. c5 Nf3+ 33. Kg2
Nd2 34. Qc2 Qf1# 0-1

[Event "4NCL Division 4 South"]
[Site "Maidenhead, ENG"]
[Date "2020.01.12"]
[Round "4.204"]
[White "Tivillier, Jacques"]
[Black "Bennett, Max"]
[Result "1/2-1/2"]
[WhiteElo "1922"]
[BlackElo "1960"]
[PlyCount "40"]
[EventDate "2020.01.12"]
[WhiteTeam "Celtic Tigers 2"]
[BlackTeam "Sussex Martlets 3"]

1. e4 e6 2. d4 d5 3. e5 c5 4. c3 Nc6 5. Nf3 Bd7 6. Be2 Nge7 7. Na3 Ng6 8. O-O
Be7 9. Re1 O-O 10. Nc2 Qb6 11. Qd3 Rac8 12. Bg5 f6 13. exf6 Bxf6 14. dxc5 Qxc5
15. Be3 Qd6 16. Rad1 Nce7 17. Qd2 e5 18. Nb4 Be6 19. Ng5 Rfd8 20. Nxe6 Qxe6
1/2-1/2

[Event "4NCL Division 4 South"]
[Site "Maidenhead, ENG"]
[Date "2020.01.12"]
[Round "4.207"]
[White "Stewart, Lilya"]
[Black "White, John"]
[Result "1/2-1/2"]
[WhiteElo "1720"]
[BlackElo "1840"]
[PlyCount "69"]
[EventDate "2020.01.12"]
[WhiteTeam "Sussex Martlets 3"]
[BlackTeam "Celtic Tigers 2"]

1. e4 c5 2. Nf3 d6 3. d4 cxd4 4. Qxd4 a6 5. b3 Nc6 6. Qd2 Nf6 7. Nc3 Qc7 8. Bb2
e6 9. Be2 Be7 10. O-O O-O 11. Rfe1 b5 12. a3 Bb7 13. Rac1 Rac8 14. Bd3 Rfe8 15.
Ne2 e5 16. Ng3 Bf8 17. c4 Qb6 18. Nf5 Ne7 19. Ng3 Ng6 20. Bf1 Nf4 21. Bc3 Bc6
22. c5 Qb8 23. cxd6 Bxd6 24. Qb2 Ng6 25. b4 Bb7 26. Bd3 Rcd8 27. Bc2 Bc8 28.
Bb3 h6 29. Nf5 Bf8 30. Qa2 Qb7 31. Ng3 Rd3 32. h4 Bg4 33. Qc2 Rxf3 34. gxf3
Bxf3 35. Qb2 1/2-1/2

[Event "4NCL Division 4 South"]
[Site "Maidenhead, ENG"]
[Date "2020.01.12"]
[Round "4.202"]
[White "Webster, David"]
[Black "Deacon, David J"]
[Result "1-0"]
[WhiteElo "1970"]
[BlackElo "1598"]
[PlyCount "105"]
[EventDate "2020.01.12"]
[WhiteTeam "Celtic Tigers 2"]
[BlackTeam "Wessex D"]

1. e4 c5 2. Nf3 e6 3. d3 Nc6 4. g3 g6 5. Bg2 Bg7 6. c3 Nge7 7. O-O O-O 8. Be3
d6 9. d4 b6 10. Nbd2 e5 11. d5 Nb8 12. Nh4 Nd7 13. f4 exf4 14. Bxf4 Ne5 15.
Bxe5 Bxe5 16. Nhf3 Bg7 17. Re1 Rb8 18. a4 a6 19. Ra2 h6 20. Nf1 Bb7 $11 21. c4
Be5 22. Nxe5 dxe5 23. Ne3 Kg7 24. Rf1 Qd6 25. b3 Bc8 26. Raf2 Ng8 27. h4 Bd7
28. Bf3 f5 29. exf5 gxf5 30. Bh5 Ne7 31. Qc2 e4 32. Rf4 Qe5 33. Qf2 Qd4 34. g4
Ng6 35. Bxg6 Kxg6 36. gxf5+ Kh7 37. Rd1 Rg8+ 38. Kh1 Qe5 39. Ng4 Rxg4 40. Rxg4
Bxf5 41. Qf4 Qxf4 42. Rxf4 Bg6 43. Re1 h5 44. Rf6 Kg7 45. Re6 Bf5 46. Rg1+ Bg4
47. Rxe4 Rf8 48. Rexg4+ hxg4 49. Rxg4+ Kh6 50. Kg2 Kh5 51. Kg3 Rf1 52. Rg5+ Kh6
53. Re5 1-0

[Event "4NCL Division 4 South"]
[Site "Maidenhead, ENG"]
[Date "2020.01.12"]
[Round "4.205"]
[White "Deacon, Matthew"]
[Black "Buttell, David"]
[Result "1/2-1/2"]
[WhiteElo "1227"]
[BlackElo "1937"]
[PlyCount "59"]
[EventDate "2020.01.12"]
[WhiteTeam "Wessex D"]
[BlackTeam "Celtic Tigers 2"]

1. d4 d5 2. c4 e6 3. Nc3 Nf6 4. cxd5 exd5 5. Bg5 Be7 6. e3 c6 7. Bd3 Nbd7 8.
Nge2 O-O 9. Qc2 Re8 10. O-O Nf8 11. Rab1 Nh5 12. Bxe7 Qxe7 13. b4 a6 14. a4 Nf6
15. b5 axb5 16. axb5 Qd6 17. bxc6 bxc6 18. Rb6 N8d7 19. Nb5 Qe7 20. Rxc6 Bb7
21. Nd6 Bxc6 22. Nxe8 Ba4 23. Nxf6+ Nxf6 24. Qb2 Ng4 25. h3 Nxe3 26. Ra1 Nc4
27. Qc1 Nb6 28. Nc3 Rc8 29. Qb2 Be8 30. Kf1 1/2-1/2

[Event "4NCL Division 4 South"]
[Site "Maidenhead, ENG"]
[Date "2020.01.12"]
[Round "4.208"]
[White "Goldman, Edward"]
[Black "Jerome, David"]
[Result "1-0"]
[WhiteElo "1682"]
[BlackElo "1217"]
[PlyCount "59"]
[EventDate "2020.01.12"]
[WhiteTeam "Celtic Tigers 2"]
[BlackTeam "Wessex D"]

1. e4 e6 2. d4 d5 3. c4 Nf6 4. e5 Nfd7 5. Nc3 c6 6. a3 Be7 7. f4 O-O 8. Nf3 h6
9. Bd3 f5 10. Be3 b6 11. Qb3 c5 12. cxd5 cxd4 13. d6 Nc5 14. dxe7 Nxd3+ 15. Kf1
Nc5 16. exd8=Q Nxb3 17. Qd6 Nxa1 18. Nxd4 Ba6+ 19. Kf2 Bc8 20. Rxa1 Na6 21.
Nxe6 Bxe6 22. Qxe6+ Rf7 23. Rd1 Nc7 24. Qc6 Rc8 25. Rd7 Kh7 26. Rxf7 Nd5 27.
Qxc8 Nxe3 28. Kxe3 a5 29. Qxf5+ Kg8 30. Rf8# 1-0

[Event "4NCL Division 4 South"]
[Site "Maidenhead, ENG"]
[Date "2020.02.08"]
[Round "5.11"]
[White "Guha, Chirag"]
[Black "Salmons, Calum"]
[Result "1-0"]
[WhiteElo "2057"]
[BlackElo "2065"]
[PlyCount "123"]
[EventDate "2020.02.08"]
[WhiteTeam "Wood Green Youth"]
[BlackTeam "Sussex Martlets 2"]

1. d4 Nf6 2. c4 e6 3. g3 d5 4. Nf3 c6 5. Bg2 Nbd7 6. O-O Be7 7. Nc3 O-O 8. Nd2
b6 9. e4 Bb7 10. e5 Ne8 11. b3 Qc7 12. Bb2 dxc4 13. bxc4 c5 14. Nb5 Qb8 15. d5
Nxe5 16. d6 Bf6 17. Ne4 Nf3+ 18. Qxf3 Bxb2 19. Rab1 Be5 20. d7 Nc7 21. Rfd1
Nxb5 22. Rxb5 Ba6 23. Nxc5 Bxb5 24. Qxa8 Qxa8 25. Bxa8 Bf6 26. cxb5 bxc5 27.
Bb7 Rb8 28. Bc8 Bd8 29. a4 Kf8 30. Rc1 Ke7 31. Rxc5 Rb6 32. Rc2 Rd6 $11 33. Ra2
Rd5 34. Kf1 Rd4 35. a5 Rd5 36. b6 a6 37. Rb2 Rb5 38. Rxb5 axb5 39. Ke2 e5 40.
Kd3 f5 41. Kc3 g5 42. Kb4 e4 43. Kxb5 f4 44. Kc4 e3 45. Kd3 exf2 46. Ke2 fxg3
47. hxg3 h5 48. Kxf2 Kd6 49. Kf3 Kc6 50. Kg2 Be7 $11 51. Kf3 Bd8 52. Ke4 Be7
53. Ke5 h4 54. gxh4 gxh4 55. Ke6 Bg5 56. Ba6 Bd8 57. Bf1 Kb7 58. Kf7 h3 59. Ke8
h2 60. Bg2+ Kb8 61. b7 Bxa5 62. d8=Q+ 1-0

[Event "4NCL Division 4 South"]
[Site "Maidenhead, ENG"]
[Date "2020.02.08"]
[Round "5.12"]
[White "Rogacewicz, Mikolaj"]
[Black "Hussain, Adam"]
[Result "1-0"]
[WhiteElo "2072"]
[BlackElo "1945"]
[PlyCount "121"]
[EventDate "2020.02.08"]
[WhiteTeam "Sussex Martlets 2"]
[BlackTeam "Wood Green Youth"]

1. d4 e6 2. c4 b6 3. e4 Bb7 4. Bd3 Bb4+ 5. Nc3 f5 6. exf5 Bxg2 7. Nf3 Bxh1 8.
Bg5 Bxf3 9. Qxf3 Qxg5 10. Qxa8 Qd8 11. fxe6 Nf6 12. O-O-O O-O 13. exd7 Bxc3 14.
bxc3 a5 15. c5 Nfxd7 16. Qd5+ Kh8 17. cxb6 cxb6 18. Qh5 Nf6 19. Qh3 Qd6 20. Kb2
Qf4 21. Bc2 Na6 22. Re1 Nc7 23. Re5 Ncd5 24. Rxd5 Qg4 25. Qd3 Qg2 26. Rh5 g6
27. Rb5 Ng4 28. Rxb6 Rxf2 29. d5 Ne5 30. Rb8+ Kg7 31. Rb7+ Kg8 32. Rb8+ Kg7 33.
Rb7+ Kf8 34. Rb8+ Kf7 35. Rb7+ Kf6 36. Rb6+ Kg5 37. Qe3+ Kh4 38. Qh6+ Kg4 39.
h3+ Qxh3 40. Qxh3+ Kxh3 41. Re6 Nc4+ 42. Kb3 Nd2+ 43. Ka4 Kg4 44. d6 Nc4 45.
Re4+ Rf4 46. d7 Nb6+ 47. Kxa5 Nxd7 48. Kb5 Rxe4 49. Bxe4 Kf4 50. Bb7 Ke5 51.
Kc6 Nf6 52. a4 h5 53. a5 h4 54. a6 h3 55. a7 h2 56. Kc7 Ne8+ 57. Kd7 Nf6+ 58.
Ke7 Ng8+ 59. Kf7 Nh6+ 60. Kxg6 h1=Q 61. Bxh1 1-0

[Event "4NCL Division 4 South"]
[Site "Maidenhead, ENG"]
[Date "2020.02.08"]
[Round "5.13"]
[White "Paleri, Adithya P"]
[Black "Forster, Matthew"]
[Result "0-1"]
[WhiteElo "1922"]
[BlackElo "2034"]
[PlyCount "94"]
[EventDate "2020.02.08"]
[WhiteTeam "Wood Green Youth"]
[BlackTeam "Sussex Martlets 2"]

1. d4 d5 2. c4 dxc4 3. e3 Nf6 4. Bxc4 e6 5. Nf3 c5 6. O-O a6 7. Bb3 Nc6 8. dxc5
Bxc5 9. Qxd8+ Kxd8 10. Nc3 b5 11. Ng5 Ke7 12. Nce4 Bb6 13. Rd1 h6 14. Nxf6 gxf6
15. Ne4 f5 16. Nd6 Rd8 17. Nxc8+ Raxc8 18. Bd2 a5 19. Bc3 f6 20. Rac1 Rxd1+ 21.
Bxd1 b4 22. Bd4 Bxd4 23. exd4 Kd6 24. Ba4 Rc7 25. Rd1 Ne7 26. Kf1 Nd5 27. Ke2
Nb6 28. Bb5 Nc4 29. Bxc4 Rxc4 30. b3 Rc7 31. f4 Kd5 32. Kd3 Rc3+ 33. Kd2 Kxd4
34. Ke2+ Ke4 35. Rd6 Rc2+ 36. Kf1 e5 37. Rxf6 Kxf4 38. Rxh6 Rxa2 39. Rg6 e4 40.
h4 Rb2 41. h5 Rxb3 42. h6 Rb1+ 43. Kf2 Rh1 44. Ra6 b3 45. g3+ Kg5 46. Rb6 a4
47. Rb4 a3 0-1

[Event "4NCL Division 4 South"]
[Site "Maidenhead, ENG"]
[Date "2020.02.08"]
[Round "5.14"]
[White "Tebbs, Howard L"]
[Black "Dias, Ruwan"]
[Result "1/2-1/2"]
[WhiteElo "2010"]
[BlackElo "1497"]
[PlyCount "43"]
[EventDate "2020.02.08"]
[WhiteTeam "Sussex Martlets 2"]
[BlackTeam "Wood Green Youth"]

1. d4 d5 2. Bf4 Nf6 3. e3 Bf5 4. c4 e6 5. Nc3 c5 6. Nf3 Nc6 7. h3 cxd4 8. exd4
Ne4 9. cxd5 Nxc3 10. bxc3 Qxd5 11. Be2 Be7 12. O-O O-O 13. Re1 Rac8 14. Nd2 Qd7
15. Nb3 Bd6 16. Qd2 Rfd8 17. Rad1 Bxf4 18. Qxf4 Qd6 19. Qd2 b6 20. Bf3 Ne7 21.
Re5 Qxe5 22. dxe5 1/2-1/2

[Event "4NCL Division 4 South"]
[Site "Maidenhead, ENG"]
[Date "2020.02.08"]
[Round "5.15"]
[White "Lazarevic, Ljubica"]
[Black "Howell, Chris I"]
[Result "0-1"]
[WhiteElo "1416"]
[BlackElo "1957"]
[PlyCount "50"]
[EventDate "2020.02.08"]
[WhiteTeam "Wood Green Youth"]
[BlackTeam "Sussex Martlets 2"]

1. e4 e6 2. d4 d5 3. Nc3 Bb4 4. e5 Ne7 5. Nf3 b6 6. a3 Bxc3+ 7. bxc3 c5 8. Bb5+
Bd7 9. c4 Qc7 10. Qe2 Bxb5 11. cxb5 cxd4 12. Bb2 Nd7 13. Bxd4 Nf5 14. Bb2 Rc8
15. Rc1 Qc4 16. Qd3 O-O 17. O-O Rc5 18. Qxc4 Rxc4 19. Rfe1 Rfc8 20. c3 R8c5 21.
Nd4 Nxd4 22. cxd4 Rxb5 23. Bc3 a5 24. Ba1 Rb3 25. a4 Rbb4 0-1

[Event "4NCL Division 4 South"]
[Site "Maidenhead, ENG"]
[Date "2020.02.08"]
[Round "5.16"]
[White "Graham, William M"]
[Black "Dias, Sam"]
[Result "1-0"]
[WhiteElo "1967"]
[BlackElo "1285"]
[PlyCount "73"]
[EventDate "2020.02.08"]
[WhiteTeam "Sussex Martlets 2"]
[BlackTeam "Wood Green Youth"]

1. c4 e5 2. Nc3 Nc6 3. g3 f5 4. Bg2 Bc5 5. e3 Nf6 6. Nge2 Ne7 7. O-O c6 8. d4
exd4 9. exd4 Bb6 10. d5 cxd5 11. cxd5 d6 12. Nd4 O-O 13. h3 Ng6 14. Be3 Re8 15.
Qd2 Ba5 16. Qc2 Bxc3 17. bxc3 Ne4 18. Rfe1 Bd7 19. Kh2 Ne5 20. Bf4 Qa5 21. c4
Nf6 22. Bxe5 Rxe5 23. Rxe5 dxe5 24. Nxf5 Ba4 25. Qb2 b6 26. Qxe5 Re8 27. Qb2
Qc5 28. Ne3 Ne4 29. Bxe4 Rxe4 30. Re1 Bd7 31. Qc2 Re5 32. Kg2 Qf8 33. Qc3 Rh5
34. Ng4 Qf5 35. Re5 Qg6 36. Rxh5 Qxh5 37. Qf3 1-0

[Event "4NCL Division 4 South"]
[Site "Maidenhead, ENG"]
[Date "2020.02.08"]
[Round "5.21"]
[White "Elwin, Adrian G"]
[Black "Kalitsis, Nikolaos"]
[Result "0-1"]
[WhiteElo "1986"]
[BlackElo "2049"]
[PlyCount "68"]
[EventDate "2020.02.08"]
[WhiteTeam "MK Phoenix 2"]
[BlackTeam "CSC 2"]

1. d4 e6 2. c4 Nf6 3. Nc3 Bb4 4. Qc2 d6 5. Nf3 O-O 6. Bg5 h6 7. h4 Re8 8. e3 e5
9. Bxf6 Qxf6 10. dxe5 dxe5 11. O-O-O Bxc3 12. Qxc3 Bg4 13. Be2 a5 14. Rhe1 a4
15. a3 c6 16. Qc2 Bf5 17. e4 Be6 18. Rd6 c5 19. Rb6 Ra7 20. Rd1 Nc6 21. g3 Qe7
22. Rxc6 bxc6 23. Nxe5 Qc7 24. f4 Rb8 25. Nd3 Qe7 26. Bf3 Rb6 27. f5 Bxf5 28.
Nxc5 Qxc5 29. exf5 Qe3+ 30. Qd2 Qc5 31. Be2 Rab7 32. f6 Rxb2 33. Qxb2 Rxb2 34.
Kxb2 Qe5+ 0-1

[Event "4NCL Division 4 South"]
[Site "Maidenhead, ENG"]
[Date "2020.02.08"]
[Round "5.22"]
[White "Amato, Giampiero"]
[Black "Valentine, Brian J"]
[Result "1/2-1/2"]
[WhiteElo "2006"]
[BlackElo "1959"]
[PlyCount "157"]
[EventDate "2020.02.08"]
[WhiteTeam "CSC 2"]
[BlackTeam "MK Phoenix 2"]

1. d4 Nf6 2. Bg5 e6 3. e4 h6 4. Bxf6 Qxf6 5. Nf3 d6 6. Bd3 c5 7. e5 Qd8 8. dxc5
Qa5+ 9. Nc3 dxc5 10. O-O Be7 11. Qe2 Bd7 12. Rfd1 Bc6 13. Nd2 O-O 14. Nc4 Qc7
15. a4 a6 16. a5 Nd7 17. f4 Rfd8 18. Ne4 Rab8 19. Ncd6 Nf8 20. Qh5 Bxe4 21.
Nxe4 c4 22. Be2 Rxd1+ 23. Bxd1 b5 24. Bf3 Rd8 25. g3 Qa7+ 26. Kg2 Qd4 27. c3
Qd3 28. Rf1 Qe3 29. Rf2 Qa7 30. f5 exf5 31. Qxf5 Qd7 32. Qh5 Ne6 33. Bg4 Bf8
34. Rd2 Qc6 35. Bf3 Rxd2+ 36. Nxd2 Qc7 37. Ne4 Qxa5 38. Nd6 Qc7 39. Ne4 a5 40.
Qf5 Nc5 41. Nxc5 Bxc5 42. e6 fxe6 43. Qxe6+ Qf7 44. Qc6 Qe7 45. Qxb5 Qe3 46.
Qxc4+ Kf8 47. Qd5 Ke7 48. Be4 Qf2+ 49. Kh3 Kf6 50. Qd8+ Ke5 51. Qe8+ Kf6 52.
Qg6+ Ke5 53. Bd3 Qf6 54. Qe4+ Kd6 55. b4 axb4 56. cxb4 Bb6 57. Bc4 Qe5 58. Qg6+
Qf6 59. Qg4 Qe5 60. Qf3 Qd4 61. Qf8+ Kc7 62. Be6 Ba7 63. Qe7+ Kb6 64. Bc8 Kb5
65. Bd7+ Kc4 66. b5 Bb6 67. Qf7+ Kb4 68. Bc6 Qe5 69. Qf3 Qe6+ 70. g4 Qb3 71.
Qxb3+ Kxb3 72. Kg2 Kb4 73. Kf3 Bd4 74. Ke4 Bg1 75. h3 Kc5 76. Ke5 Kb6 77. h4
Be3 78. Kf5 Bd4 79. Kg6 1/2-1/2

[Event "4NCL Division 4 South"]
[Site "Maidenhead, ENG"]
[Date "2020.02.08"]
[Round "5.23"]
[White "Reed, Darren"]
[Black "Fink-Nunn, Petra"]
[Result "0-1"]
[WhiteElo "1949"]
[BlackElo "2000"]
[PlyCount "112"]
[EventDate "2020.02.08"]
[WhiteTeam "MK Phoenix 2"]
[BlackTeam "CSC 2"]

1. e4 e5 2. Nf3 Nc6 3. Bc4 Nf6 4. d3 Bc5 5. c3 a6 6. Nbd2 d6 7. Bb3 Ba7 8. Nf1
O-O 9. Ng3 d5 10. Qe2 Re8 11. O-O Na5 12. Bc2 dxe4 13. dxe4 Nc6 14. Bb3 Na5 15.
Bc2 Nc6 16. Be3 Bxe3 17. Qxe3 h6 18. Bb3 Na5 19. Bc2 Nc6 20. Nh4 Ng4 21. Qc5
Qxh4 22. h3 Nf6 23. Ba4 Nd7 24. Qe3 b5 25. Nf5 Qf4 26. Bb3 Qxe3 27. fxe3 Na5
28. Nxh6+ Kh7 29. Bxf7 Rf8 30. Ng4 Bb7 31. Rad1 Bc6 32. Rf5 g6 33. Rf2 Kg7 34.
Bd5 Rxf2 35. Kxf2 Rd8 36. b4 Bxd5 37. Rxd5 Nc6 38. Ke2 Kf7 39. Rd1 Ke6 40. Nf2
Nb6 41. Nd3 Na4 42. Kd2 Rxd3+ 43. Kxd3 Nb2+ 44. Kc2 Nxd1 45. Kxd1 Nd8 46. h4
Nf7 47. Ke2 Nd6 48. Kf3 Kf6 49. a3 Ke6 50. g4 Kf6 51. g5+ Kf7 52. Kg4 Nxe4 53.
h5 gxh5+ 54. Kf5 Nxc3 55. Kxe5 Kg6 56. Kd4 h4 0-1

[Event "4NCL Division 4 South"]
[Site "Maidenhead, ENG"]
[Date "2020.02.08"]
[Round "5.24"]
[White "Lawson, Maurice E"]
[Black "Shaw, John S"]
[Result "1-0"]
[WhiteElo "1966"]
[BlackElo "1687"]
[PlyCount "65"]
[EventDate "2020.02.08"]
[WhiteTeam "CSC 2"]
[BlackTeam "MK Phoenix 2"]

1. e4 c5 2. Nc3 Nc6 3. Bb5 Nd4 4. Bd3 d6 5. Nce2 Nxe2 6. Qxe2 e5 7. c3 g6 8.
Bc2 Bg7 9. d3 Ne7 10. f4 O-O 11. Nf3 exf4 12. Bxf4 d5 13. O-O h6 14. Rad1 Be6
15. d4 dxe4 16. Bxe4 Nd5 17. Be5 cxd4 18. Bxg7 Kxg7 19. Nxd4 Qb6 20. Bxd5 Bxd5
21. Qe5+ Kg8 22. Qxd5 Qxb2 23. Rf6 Rad8 24. Rxg6+ Kh7 25. Rd6 Rxd6 26. Qxd6 Rg8
27. Qd5 Qxc3 28. Qxf7+ Rg7 29. Qf5+ Kh8 30. Ne6 Qe3+ 31. Kh1 Qe2 32. Qf8+ Rg8
33. Qxh6# 1-0

[Event "4NCL Division 4 South"]
[Site "Maidenhead, ENG"]
[Date "2020.02.08"]
[Round "5.25"]
[White "Cox, Lucian"]
[Black "Fowler, David"]
[Result "0-1"]
[WhiteElo "1525"]
[BlackElo "1966"]
[PlyCount "114"]
[EventDate "2020.02.08"]
[WhiteTeam "MK Phoenix 2"]
[BlackTeam "CSC 2"]

1. e4 d5 2. exd5 Qxd5 3. Nc3 Qd6 4. d4 Nf6 5. Bc4 a6 6. Nf3 Bg4 7. Be3 e6 8.
O-O Be7 9. h3 Bh5 10. Qe2 Nc6 11. Rad1 O-O 12. d5 Bxf3 13. Qxf3 Ne5 14. Qe2
Nxc4 15. Qxc4 b5 16. Qb3 exd5 17. Nxd5 Nxd5 18. Rxd5 Qe6 19. Qd3 c6 20. Rd4
Rad8 21. Rd1 Rxd4 22. Qxd4 h5 23. Rd3 Rd8 24. Qc3 Rxd3 25. Qxd3 Qxa2 26. Qd7
Qe6 27. Qb7 c5 28. Qc7 c4 29. Qa7 Bf6 30. Bb6 Qe1+ 31. Kh2 Be5+ 32. g3 h4 33.
Qxa6 hxg3+ 34. Kg2 Qe4+ 35. Kg1 Qc6 36. Qa7 gxf2+ 37. Bxf2 Qg6+ 38. Kh1 Qxc2
39. Qa8+ Kh7 40. Qf3 Qc1+ 41. Kg2 Qf4 42. Bg3 Qxg3+ 43. Qxg3 Bxg3 44. Kxg3 b4
45. Kf3 c3 46. bxc3 b3 47. c4 b2 48. c5 b1=Q 49. c6 Qh1+ 50. Kg3 Qxc6 51. h4
Qe4 52. Kh3 Kg6 53. Kg3 Kf5 54. Kh3 Qg4+ 55. Kh2 Kf4 56. Kh1 Kf3 57. h5 Qg2#
0-1

[Event "4NCL Division 4 South"]
[Site "Maidenhead, ENG"]
[Date "2020.02.08"]
[Round "5.26"]
[White "Wolf, Gabriel"]
[Black "Cox, David"]
[Result "1-0"]
[WhiteElo "1935"]
[BlackElo "1270"]
[PlyCount "37"]
[EventDate "2020.02.08"]
[WhiteTeam "CSC 2"]
[BlackTeam "MK Phoenix 2"]

1. d4 f5 2. Nf3 Nf6 3. Bf4 e6 4. e3 Be7 5. h3 O-O 6. Nbd2 d6 7. c3 Qe8 8. Qc2
Bd8 9. g4 Nd5 10. Bh2 Nc6 11. Bd3 Nde7 12. O-O-O e5 13. dxe5 dxe5 14. Nxe5 Nxe5
15. Bxe5 Rf7 16. Bc4 fxg4 17. hxg4 g6 18. Rxh7 Nd5 19. Rh8# 1-0

[Event "4NCL Division 4 South"]
[Site "Maidenhead, ENG"]
[Date "2020.02.08"]
[Round "5.31"]
[White "Rathbone-Jones, Ifan"]
[Black "Fletcher, John"]
[Result "1-0"]
[WhiteElo "2072"]
[BlackElo "2015"]
[PlyCount "33"]
[EventDate "2020.02.08"]
[WhiteTeam "Fischer's Catch"]
[BlackTeam "The Full Ponty"]

1. d4 Nf6 2. Bf4 e6 3. Nf3 c5 4. e3 Nc6 5. c3 d5 6. Nbd2 Bd6 7. Bg3 O-O 8. Bd3
c4 9. Bc2 b5 10. e4 Bxg3 11. hxg3 g6 12. Ng5 h5 13. e5 Ng4 14. Nh7 Re8 15. Qf3
Ne7 16. Qxg4 Nf5 17. Rxh5 1-0

[Event "4NCL Division 4 South"]
[Site "Maidenhead, ENG"]
[Date "2020.02.08"]
[Round "5.32"]
[White "Adams, Mark"]
[Black "Thorpe, Thomas"]
[Result "1/2-1/2"]
[WhiteElo "1966"]
[BlackElo "2027"]
[PlyCount "45"]
[EventDate "2020.02.08"]
[WhiteTeam "The Full Ponty"]
[BlackTeam "Fischer's Catch"]

1. e4 c5 2. Nf3 Nc6 3. d4 cxd4 4. Nxd4 g6 5. c4 Bg7 6. Be3 Nf6 7. Nc3 d6 8. f3
O-O 9. Qd2 Nxd4 10. Bxd4 Be6 11. b3 Nd7 12. Be2 Bxd4 13. Qxd4 Ne5 14. O-O f5
15. f4 Nc6 16. Qe3 Qa5 17. Kh1 Qc5 18. Qd2 fxe4 19. Nxe4 Qd4 20. Rae1 Bf5 21.
Qxd4 Nxd4 22. Ng3 Nxe2 23. Nxe2 1/2-1/2

[Event "4NCL Division 4 South"]
[Site "Maidenhead, ENG"]
[Date "2020.02.08"]
[Round "5.33"]
[White "Sivarajasingam, Venetia"]
[Black "Roberts, David L"]
[Result "1-0"]
[WhiteElo "1742"]
[BlackElo "2002"]
[PlyCount "93"]
[EventDate "2020.02.08"]
[WhiteTeam "Fischer's Catch"]
[BlackTeam "The Full Ponty"]

1. e4 e5 2. Nf3 Nc6 3. Bb5 a6 4. Ba4 Nf6 5. O-O Nxe4 6. Re1 Nc5 7. Bxc6 dxc6 8.
Nxe5 Be7 9. d4 Ne6 10. c3 O-O 11. Qf3 Qd5 12. Qg3 Kh8 13. Be3 f6 14. c4 Qd8 15.
Nf3 f5 16. Bf4 Nxf4 17. Qxf4 Bf6 18. Ne5 g6 19. Nc3 Bg5 20. Qg3 f4 21. Qf3 Bf5
22. Ne4 Bh6 23. Rad1 Qh4 24. Qc3 Bg7 25. Nf3 Qd8 26. Nc5 b6 27. Ne6 Bxe6 28.
Rxe6 c5 29. Ne5 cxd4 30. Rxd4 Qg5 31. Qe1 f3 32. g3 Qf5 33. Re7 Kg8 34. Rf4 Qh3
35. Rxf3 Rxf3 36. Nxf3 Rf8 37. Ng5 Qf5 38. Ne6 Rf7 39. Re8+ Bf8 40. Qe3 Qh5 41.
Nxf8 Qd1+ 42. Kg2 Rxf8 43. Qe6+ Kg7 44. Re7+ Kh6 45. Qe3+ g5 46. Qe6+ Kh5 47.
Rxh7# 1-0

[Event "4NCL Division 4 South"]
[Site "Maidenhead, ENG"]
[Date "2020.02.08"]
[Round "5.34"]
[White "Perrett, David C"]
[Black "Chong, Kimberly"]
[Result "1-0"]
[WhiteElo "1943"]
[BlackElo "1777"]
[PlyCount "95"]
[EventDate "2020.02.08"]
[WhiteTeam "The Full Ponty"]
[BlackTeam "Fischer's Catch"]

1. d4 Nf6 2. Bg5 Ne4 3. Bf4 d5 4. e3 c5 5. Nd2 Nxd2 6. Qxd2 Nc6 7. Nf3 e6 8.
Be2 Bd6 9. Bxd6 Qxd6 10. O-O-O c4 11. Ne5 b5 12. Bf3 f6 13. Nxc6 Qxc6 14. e4
O-O 15. exd5 exd5 16. Qb4 Re8 17. Rhe1 Bf5 18. Qc5 Qxc5 19. dxc5 Be4 20. Bxe4
Rxe4 21. Rxe4 dxe4 22. Rd7 Rc8 23. Rxa7 Rxc5 24. Kd2 b4 25. Rb7 c3+ 26. bxc3
bxc3+ 27. Ke3 f5 28. a3 g5 29. g3 Rc6 30. h4 gxh4 31. gxh4 Rh6 32. Rc7 Rxh4 33.
a4 Rh3+ 34. Ke2 f4 35. Re7 e3 36. Re4 exf2 37. Rxf4 f1=Q+ 38. Rxf1 Rh4 39. Ra1
Rh6 40. a5 Ra6 41. Kd3 h5 42. Kxc3 h4 43. Kb4 h3 44. Kb5 Rh6 45. a6 h2 46. a7
Rh5+ 47. Kb4 Rh4+ 48. c4 1-0

[Event "4NCL Division 4 South"]
[Site "Maidenhead, ENG"]
[Date "2020.02.08"]
[Round "5.35"]
[White "Sivarajasingam, Shayanna"]
[Black "Davies, Peter"]
[Result "1-0"]
[WhiteElo "1778"]
[BlackElo "1928"]
[PlyCount "98"]
[EventDate "2020.02.08"]
[WhiteTeam "Fischer's Catch"]
[BlackTeam "The Full Ponty"]

1. e4 c5 2. Nf3 e6 3. c4 Nc6 4. Nc3 d6 5. Be2 Nf6 6. d4 cxd4 7. Nxd4 Be7 8. O-O
O-O 9. Be3 a6 10. Rc1 Bd7 11. Qd2 Rc8 12. Rfd1 Ne5 13. b3 Neg4 14. Bg5 h6 15.
Bxg4 hxg5 16. Qxg5 Nxe4 17. Qe3 Nxc3 18. Rxc3 e5 19. Nf5 Be6 20. Qh3 Rc6 21.
Rg3 Bg5 22. Nxg7 Kxg7 23. Bxe6 fxe6 24. Qh5 Rf5 25. h4 Qh8 26. Rxg5+ Rxg5 27.
Qxg5+ Kf7 28. Rd3 Ke8 29. Rf3 Rc7 30. Qg6+ Kd7 31. Rf7+ Kc6 32. Rxc7+ Kxc7 33.
h5 e4 34. h6 Qa1+ 35. Kh2 Qe5+ 36. g3 e3 37. fxe3 Qxe3 38. Qf7+ Kc6 39. h7 Qh6+
40. Kg2 Qd2+ 41. Kh3 Qh6+ 42. Kg4 Kb6 43. Qg8 Qf6 44. h8=Q Qf5+ 45. Kh4 Qe4+
46. Kh5 Qf5+ 47. Kh6 Qh3+ 48. Kg7 Qxg3+ 49. Kf8 Qg7+ 1-0

[Event "4NCL Division 4 South"]
[Site "Maidenhead, ENG"]
[Date "2020.02.08"]
[Round "5.36"]
[White "Hughes, Anthony"]
[Black "Jaberansari, Daniel"]
[Result "1/2-1/2"]
[WhiteElo "1881"]
[BlackElo "1434"]
[PlyCount "33"]
[EventDate "2020.02.08"]
[WhiteTeam "The Full Ponty"]
[BlackTeam "Fischer's Catch"]

1. e4 e6 2. d4 d5 3. Bd3 dxe4 4. Bxe4 Nf6 5. Bf3 c5 6. Ne2 Nc6 7. Be3 cxd4 8.
Nxd4 Nxd4 9. Bxd4 Be7 10. O-O O-O 11. Nc3 Qc7 12. Nb5 Qa5 13. c4 a6 14. Bc3 Qb6
15. Bd4 Qa5 16. Bc3 Qb6 17. Bd4 1/2-1/2